| 000 | 00974nam a22002537a 4500 | ||
|---|---|---|---|
| 005 | 20170124103048.0 | ||
| 010 | _aA-835461 | ||
| 020 | _c40.00 | ||
| 035 | _aA-835461 | ||
| 037 | _bCen Lib/Ret | ||
| 040 |
_aDPL _bHN |
||
| 082 |
_aक _bशर्माप |
||
| 100 |
_aशर्मा, पवन _969685 |
||
| 245 |
_aजंग लगी कीलें / _cपवन शर्मा |
||
| 246 |
_aJang lagi keelen / _bby Pavan Sharma |
||
| 260 |
_aनयी दिल्ली _bअयन प्रकाशन _c1996 |
||
| 270 |
_a1/20 महरौली _bनयी दिल्ली _e110030 |
||
| 300 |
_a83पृ. _c16सेमी (सजिल्द ) |
||
| 650 |
_aहिंदी साहित्य _x _z _969686 |
||
| 650 |
_aहिंदी साहित्य _v _xकहानियां _969687 |
||
| 650 |
_aHindi literature _969688 |
||
| 650 |
_aHindi literature _xstories _969689 |
||
| 942 |
_2ddc _cHN _hक _mशर्माप |
||
| 999 |
_c117035 _d117035 |
||